| Tag |
First Indicator |
Second Indicator |
Subfields |
| LEADER |
00000cam a2200000 4500 |
| 001 |
in00000050476 |
| 005 |
20151007071846.0 |
| 008 |
800604s1888 stkacf 00010 eng |
| 010 |
|
|
|a 10019051
|
| 035 |
|
|
|a (OCoLC)06387778
|
| 035 |
|
|
|9 AAE6770AM
|
| 040 |
|
|
|a DLC
|c TXA
|d UtOrBLW
|
| 049 |
|
|
|a TXAM
|c [169175]
|
| 050 |
|
0 |
|a QL259
|b .H3
|
| 092 |
|
|
|a 596
|b H342v
|
| 100 |
1 |
|
|a Harvie-Brown, J. A.
|q (John Alexander),
|d 1844-1916.
|
| 245 |
1 |
2 |
|a A vertebrate fauna of the outer Hebrides /
|c by J. A. Harvie-Brown and T. E. Buckley.
|
| 264 |
|
1 |
|a Edinburgh :
|b D. Douglas,
|c 1888.
|
| 300 |
|
|
|a xiv pages, 1 ., xciii, 1 unnumbered page, 1 ., 279 pages :
|b illustrations, plates, maps (part folded) ;
|c 23 cm.
|
| 336 |
|
|
|a text
|b txt
|2 rdacontent
|
| 337 |
|
|
|a unmediated
|b n
|2 rdamedia
|
| 338 |
|
|
|a volume
|b nc
|2 rdacarrier
|
| 500 |
|
|
|a Illus t.-p.
|
| 500 |
|
|
|a "Fishes, by W. Anderson Smith": pages [172]-225.
|
| 500 |
|
|
|a "On the general geological features of the outer Hebrides, by Professor Heddle": pages [227]-244.
|
| 650 |
|
0 |
|a Zoology
|z Hebrides.
|
| 650 |
|
0 |
|a Geology
|z Hebrides.
|
| 651 |
|
0 |
|a Hebrides
|x Description and travel.
|
| 700 |
1 |
|
|a Buckley, Thomas Edward.
|
| 700 |
1 |
|
|a Smith, William Anderson,
|d 1842-
|
| 700 |
1 |
|
|a Heddle, R. Foster.
|
| 999 |
|
|
|a MARS
|
| 999 |
f |
f |
|s 637c67a2-30ca-3cb7-af1e-69b7b74de223
|i 564741b3-953e-3788-916e-cfe1c9828155
|t 0
|
| 952 |
f |
f |
|p ric
|a Texas A&M University
|b Rellis Campus
|c Joint Library Facility
|d Remote Storage
|t 0
|e QL259 .H3
|h Library of Congress classification
|i unmediated -- volume
|m A14801017992
|
| 998 |
f |
f |
|a QL259 .H3
|t 0
|l Remote Storage
|